Welcome to the Holygrace Academy Library

Please use search bar below to get started

THE CLUMSY CROCODILE (Record no. 5856)

MARC details
000 -LEADER
fixed length control field 00597nam a22001457a 4500
020 ## - INTERNATIONAL STANDARD BOOK NUMBER
ISBN 978-07-46-04-8535
082 ## - DEWEY DECIMAL CLASSIFICATION NUMBER
Classification number 823
Item number EVE/C
100 ## - MAIN ENTRY--AUTHOR NAME
Personal name EVERETT, FELICITY
245 ## - TITLE STATEMENT
Title THE CLUMSY CROCODILE
260 ## - PUBLICATION, DISTRIBUTION, ETC. (IMPRINT)
Place of publication LONDON
Name of publisher USBORNE PUBLISHING LTD
Year of publication 2004
300 ## - PHYSICAL DESCRIPTION
Number of Pages 64
520 ## - SUMMARY, ETC.
Summary, etc Cassy the clumsy crocodile leaves a trail of destruction at the Everglades Department Store. But her clumsiness saves the store from a pair of greedy robbers. A comical story for children growing in reading confidence, written as part of the Usborne Young Reading Programme.<br/>
650 ## - SUBJECT ADDED ENTRY--TOPICAL TERM
Topical Term SHORT STORY
942 ## - ADDED ENTRY ELEMENTS (KOHA)
Koha item type Books
Holdings
Withdrawn status Lost status Collection code Home library Current library Shelving location Date acquired Source of acquisition Full call number Accession Number Koha item type
    Fiction Main Library Main Library SHELF 15-I-CHILDREN'S STORYBOOKS 18/11/2006 Purchase 823 EVE/C 04002 Books